Every Premier League goalscorer for Nottingham Forest - Statistics

General Stats
  • This quiz has been taken 6 times
  • The average score is 26 of 60
Answer Stats
Answer % Correct
Chris Wood
100%
Callum Hudson-Odoi
83%
Chris Bart-Williams
83%
Danilo
83%
Morgan Gibbs-White
83%
Neco Williams
83%
Ryan Yates
83%
Stan Collymore
83%
Brennan Johnson
67%
Ian Woan
67%
Joe Worrall
67%
Kevin Campbell
67%
Nigel Clough
67%
Roy Keane
67%
Taiwo Awoniyi
67%
Alf-Inge Haaland
50%
Anthony Elanga
50%
Bryan Roy
50%
Cheikhou Kouyaté
50%
Lewis O'Brien
50%
Moussa Niakhaté
50%
Nicolás Domínguez
50%
Orel Mangala
50%
Pierre van Hooijdonk
50%
Scot Gemmill
50%
Serge Aurier
50%
Steve Chettle
50%
Steve Stone
50%
Stuart Pearce
50%
Teddy Sheringham
50%
Willy Boly
50%
Colin Cooper
33%
David Phillips
33%
Dean Saunders
33%
Des Lyttle
33%
Dougie Freedman
33%
Emmanuel Dennis
33%
Geoff Thomas
33%
Harry Toffolo
33%
Jason Lee
33%
Jean-Claude Darcheville
33%
Jon Olav Hjelde
33%
Kingsley Black
33%
Lars Bohinen
33%
Ola Aina
33%
Alan Rogers
17%
Chris Allen
17%
Gary Bannister
17%
Gary Bull
17%
Marlon Harewood
17%
Neil Shipperley
17%
Robert Rosario
17%
Sam Surridge
17%
Bobby Howe
0%
Gary Crosby
0%
Hugo Porfirio
0%
Paul McGregor
0%
Ray McKinnon
0%
Thierry Bonalair
0%
Thorvaldur Örlygsson
0%
No matching quizzes found
Score Distribution
Percent of People with Each Score
Percentile by Number Answered
Your Score History
You have not taken this quiz